[Event "GER-chT Nord-West U20"]
[Site "Germany"]
[Date "2007.01.21"]
[Round "6.3"]
[White "Borgmeyer, Max"]
[Black "Meurer, Markus"]
[Result "1-0"]
[WhiteElo "1999"]
[BlackElo "1927"]
[PlyCount "69"]
[EventDate "2006.09.24"]
[EventType "team"]
[EventRounds "9"]
[EventCountry "GER"]
[SourceTitle "EXT 2008"]
[Source "ChessBase"]
[SourceDate "2007.11.25"]
[SourceVersion "1"]
[SourceVersionDate "2007.11.25"]
[SourceQuality "1"]

1. Nc3 g6 2. e4 Bg7 3. d4 d6 4. Be3 Nf6 5. f3 Nbd7 6. Qd2 e5 7. 0-0-0 exd4 8. Bxd4 Qe7 9. Nd5 Qd8 10. Ne3 Bh6 11. g4 Nb6 12. h4 Bxg4 13. Bxf6 Qxf6 14. fxg4 Bg7 15. c3 0-0-0 16. Bg2 Rhe8 17. Ne2 Re5 18. Nd4 Ra5 19. Kb1 Qe7 20. Rhf1 Qd7 21. Qc2 Na4 22. Nb3 Ra6 23. Rf2 b5 24. Rdf1 Rf8 25. Nd5 Qe6 26. Nd4 Bxd4 27. cxd4 c6 28. Nb4 Rb6 29. Nxc6 Kd7 30. e5 d5 31. Rf6 Rxc6 32. Rxe6 Rxc2 33. Rd6+ Ke7 34. Kxc2 Nb6 35. Bxd5 1-0

[Event "GER-chT Nord-West U20"]
[Site "Germany"]
[Date "2006.11.26"]
[Round "4"]
[White "Benzen, Marthe"]
[Black "Meurer, Markus"]
[Result "1-0"]
[WhiteElo "1875"]
[BlackElo "1927"]
[PlyCount "73"]
[EventDate "2006.09.24"]
[EventType "team"]
[EventRounds "9"]
[EventCountry "GER"]
[SourceTitle "EXT 2008"]
[Source "ChessBase"]
[SourceDate "2007.11.25"]
[SourceVersion "1"]
[SourceVersionDate "2007.11.25"]
[SourceQuality "1"]

1. e4 c5 2. Nc3 g6 3. Nf3 Nc6 4. d4 cxd4 5. Nxd4 Bg7 6. Be3 Nf6 7. Be2 0-0 8. Qd2 d5 9. Nxc6 bxc6 10. Rd1 Bb7 11. e5 Nd7 12. f4 e6 13. 0-0 Qc7 14. Bg4 Ba6 15. Be2 Bxe2 16. Nxe2 c5 17. Ng3 Nb6 18. Bf2 Nc4 19. Qc3 Rfc8 20. b3 Nb6 21. Qf3 a5 22. h4 a4 23. Ra1 Ra6 24. c3 axb3 25. axb3 Rca8 26. Rxa6 Rxa6 27. Qe2 c4 28. b4 Ra3 29. Bd4 Bf8 30. h5 Bxb4 31. cxb4 Rxg3 32. Qf2 Rb3 33. Bxb6 Qc6 34. Bc5 Qa4 35. Qh4 Rxb4 36. Qd8+ Kg7 37. Qf8# 1-0

[Event "GER-chT Nord-West U20"]
[Site "Germany"]
[Date "2006.10.07"]
[Round "2.3"]
[White "Markovic, Daniel"]
[Black "Meurer, Markus"]
[Result "1/2-1/2"]
[WhiteElo "1952"]
[BlackElo "1927"]
[PlyCount "75"]
[EventDate "2006.09.24"]
[EventType "team"]
[EventRounds "9"]
[EventCountry "GER"]
[SourceTitle "EXT 2008"]
[Source "ChessBase"]
[SourceDate "2007.11.25"]
[SourceVersion "1"]
[SourceVersionDate "2007.11.25"]
[SourceQuality "1"]

1. e4 c5 2. Nf3 Nc6 3. Bb5 g6 4. 0-0 Bg7 5. Re1 Nf6 6. c3 0-0 7. d4 cxd4 8. cxd4 d6 9. h3 Bd7 10. Nc3 a6 11. Bf1 Qc7 12. Be3 b5 13. Rc1 Qb7 14. a3 Rac8 15. Qd2 Na5 16. e5 Ne8 17. Bg5 Nb3 18. Qd1 Nxc1 19. exd6 Nxd6 20. Bxe7 Rfe8 21. Bxd6 Na2 22. Ne2 b4 23. axb4 Nxb4 24. Qb3 a5 25. Nc3 Be6 26. Qa4 Bf8 27. Bxf8 Rxf8 28. Qxa5 Ra8 29. Qg5 Nc2 30. Re2 Bc4 31. Rxc2 Ra1 32. Nd2 Bd3 33. Nd5 Bxc2 34. Nf6+ Kg7 35. Nh5+ Kg8 36. Nf6+ Kg7 37. Nh5+ Kg8 38. Nf6+ 1/2-1/2

[Event "Niedersachsen-ch U18"]
[Site "Rotenburg/Wuemme"]
[Date "2006.04.09"]
[Round "3"]
[White "Van Akkeren, Arno"]
[Black "Meurer, Markus"]
[Result "0-1"]
[WhiteElo "1834"]
[BlackElo "1754"]
[PlyCount "69"]
[EventDate "2006.04.08"]
[EventType "swiss"]
[EventRounds "9"]
[EventCountry "GER"]
[SourceTitle "EXT 2007"]
[Source "ChessBase"]
[SourceDate "2006.11.23"]
[SourceVersion "1"]
[SourceVersionDate "2006.11.23"]
[SourceQuality "1"]

1. e4 c5 2. Nc3 Nc6 3. f4 g6 4. Nf3 Bg7 5. Bc4 e6 6. 0-0 Nge7 7. Qe1 0-0 8. d3 d5 9. Bb3 Nd4 10. Nxd4 cxd4 11. Ne2 a5 12. f5 exf5 13. Bg5 f6 14. exd5 fxg5 15. d6+ Kh8 16. dxe7 Qxe7 17. Qf2 Qd6 18. a4 Bd7 19. c3 Bc6 20. Nxd4 Bxd4 21. Qxd4+ Qxd4+ 22. cxd4 Rad8 23. Bc4 Rxd4 24. b4 axb4 25. Rfb1 Be4 26. Rxb4 Bxd3 27. Rxb7 Bxc4 28. Re1 Re4 29. Rd1 Rf7 30. Rb6 Ra7 31. a5 Re6 32. Rb4 Be2 33. Rd2 Rxa5 34. Kf2 Bb5 35. Rd5 0-1

[Event "Niedersachsen-ch U16"]
[Site "Borkum"]
[Date "2004.04.08"]
[Round "8"]
[White "Baeumler, Ilja"]
[Black "Meurer, Markus"]
[Result "1-0"]
[WhiteElo "2102"]
[BlackElo "1495"]
[PlyCount "53"]
[EventDate "2004.04.??"]
[EventType "swiss"]
[EventRounds "9"]
[EventCountry "GER"]
[SourceTitle "EXT 2005"]
[Source "ChessBase"]
[SourceDate "2004.11.15"]
[SourceVersion "1"]
[SourceVersionDate "2004.11.15"]
[SourceQuality "1"]

1. e4 c5 2. c3 d6 3. d4 Nf6 4. Bd3 cxd4 5. cxd4 Nc6 6. Nf3 Bg4 7. Be3 g6 8. Nbd2 Bg7 9. h3 Bxf3 10. Nxf3 0-0 11. 0-0 Nd7 12. Qd2 e6 13. Rac1 Nb6 14. Bb1 d5 15. e5 Nc4 16. Qe2 Nxe3 17. Qxe3 Qb6 18. b3 Rfc8 19. h4 Rc7 20. h5 Rac8 21. hxg6 fxg6 22. Rcd1 Rf8 23. Qg5 Rcf7 24. Qg4 Nd8 25. Ng5 Rc7 26. Nxh7 Bxe5 27. Nxf8 1-0

[Event "Niedersachsen-ch U16"]
[Site "Borkum"]
[Date "2004.04.04"]
[Round "3"]
[White "Biller, Eugen"]
[Black "Meurer, Markus"]
[Result "1/2-1/2"]
[WhiteElo "1850"]
[BlackElo "1495"]
[PlyCount "84"]
[EventDate "2004.04.??"]
[EventType "swiss"]
[EventRounds "9"]
[EventCountry "GER"]
[SourceTitle "EXT 2005"]
[Source "ChessBase"]
[SourceDate "2004.11.15"]
[SourceVersion "1"]
[SourceVersionDate "2004.11.15"]
[SourceQuality "1"]

1. e4 c5 2. Nf3 Nc6 3. d4 cxd4 4. Nxd4 Nf6 5. Nc3 e5 6. Ndb5 d6 7. Bg5 a6 8. Na3 b5 9. Bxf6 gxf6 10. Nd5 f5 11. exf5 Bxf5 12. Bd3 Bd7 13. c3 Bg7 14. Qh5 h6 15. Nc2 0-0 16. Nce3 Qg5 17. Qe2 f5 18. h4 Qg6 19. Bc2 e4 20. Nf4 Qe8 21. Ned5 Ra7 22. Rh3 Ne5 23. 0-0-0 a5 24. Rg3 Kh8 25. Nh5 Be6 26. Nxg7 Rxg7 27. Rxg7 Kxg7 28. Nc7 Qd7 29. Nxe6+ Qxe6 30. Qxb5 Ng4 31. Bb3 Qe7 32. Qb6 Rf6 33. Re1 d5 34. Qd4 Qe5 35. Qd2 f4 36. f3 e3 37. Qxd5 Qxd5 38. Bxd5 Nf2 39. Bc4 Rg6 40. Bf1 Rd6 41. Kb1 Rd2 42. b4 Nd1 1/2-1/2

[Event "GER-chT U16"]
[Site "Verden"]
[Date "2003.07.05"]
[Round "2.1"]
[White "Flassig, Stefan"]
[Black "Meurer, Markus"]
[Result "0-1"]
[WhiteElo "1607"]
[BlackElo "1602"]
[PlyCount "64"]
[EventDate "2003.07.05"]
[EventType "team"]
[EventRounds "7"]
[EventCountry "GER"]
[SourceTitle "EXT 2005"]
[Source "ChessBase"]
[SourceDate "2004.11.15"]
[SourceVersion "1"]
[SourceVersionDate "2004.11.15"]
[SourceQuality "1"]

1. e4 c5 2. c3 Nf6 3. e5 Nd5 4. d4 cxd4 5. Qxd4 e6 6. Nf3 Nc6 7. Qe4 f5 8. exf6 Nxf6 9. Qe2 d5 10. g3 Bd6 11. Bg2 0-0 12. 0-0 e5 13. Be3 Bg4 14. h3 Bh5 15. Qc2 Qd7 16. Kh2 e4 17. Nd4 Ne5 18. Nd2 Rae8 19. Rae1 Bc5 20. Ne6 Rxe6 21. Bxc5 Rf7 22. Bxa7 Ra6 23. Bd4 Nd3 24. Ra1 Be2 25. Rfb1 Ng4+ 26. hxg4 Rh6+ 27. Kg1 Qxg4 28. Nf1 Bf3 29. Nh2 Qh5 30. Nxf3 exf3 31. Qxd3 Qh2+ 32. Kf1 Qh1+ 0-1

[Event "Niedersachsen-ch U14"]
[Site "Rotenburg"]
[Date "2001.04.08"]
[Round "2"]
[White "Meurer, Markus"]
[Black "Weidner, Kevin"]
[Result "1-0"]
[WhiteElo "1111"]
[BlackElo "1131"]
[PlyCount "73"]
[EventDate "2001.04.??"]
[EventType "swiss"]
[EventRounds "7"]
[EventCountry "GER"]
[SourceTitle "EXT 2003"]
[Source "ChessBase"]
[SourceDate "2002.11.25"]
[SourceVersion "1"]
[SourceVersionDate "2002.11.25"]
[SourceQuality "1"]

1. e4 e5 2. Nf3 Nc6 3. Bc4 Nf6 4. d3 Bc5 5. Nc3 h6 6. 0-0 d6 7. h3 0-0 8. Ne2 Be6 9. Bb3 Qe7 10. c3 Nh5 11. d4 Bxb3 12. Qxb3 exd4 13. cxd4 Bb6 14. Qc2 Rae8 15. d5 Qxe4 16. Qxe4 Rxe4 17. Nc3 Ne5 18. Nxe4 Nxf3+ 19. gxf3 f5 20. Nc3 Rf6 21. Kh2 g5 22. Be3 c5 23. dxc6 Bc7 24. Nd5 bxc6 25. Nxf6+ Nxf6 26. Bxa7 g4 27. Rg1 h5 28. fxg4 f4 29. gxh5+ Kf7 30. h6 f3 31. Rg7+ Ke6 32. Rxc7 c5 33. h7 Ne8 34. Re1+ Kd5 35. Rxe8 c4 36. h8Q c3 37. Qd4# 1-0

[Event "Niedersachsen-ch U14"]
[Site "Rotenburg"]
[Date "2001.04.??"]
[Round "7"]
[White "Bruemmer, Nils"]
[Black "Meurer, Markus"]
[Result "1-0"]
[WhiteElo "1305"]
[BlackElo "1111"]
[PlyCount "39"]
[EventDate "2001.04.??"]
[EventType "swiss"]
[EventRounds "7"]
[EventCountry "GER"]
[SourceTitle "EXT 2003"]
[Source "ChessBase"]
[SourceDate "2002.11.25"]
[SourceVersion "1"]
[SourceVersionDate "2002.11.25"]
[SourceQuality "1"]

1. e4 c5 2. Nf3 Nc6 3. d4 cxd4 4. Nxd4 g6 5. Nc3 Bg7 6. Be3 Nf6 7. Be2 0-0 8. 0-0 d5 9. exd5 Nxd5 10. Nxc6 bxc6 11. Nxd5 cxd5 12. Bf3 e6 13. c3 Bb7 14. Re1 Qe7 15. Qb3 Rfb8 16. Qd1 Rd8 17. Rc1 Ba6 18. Be2 Bxe2 19. Qxe2 Qh4 20. a3 1-0

[Event "Niedersachsen-ch U14"]
[Site "Rotenburg"]
[Date "2001.04.??"]
[Round "6"]
[White "Meurer, Markus"]
[Black "Kaiser, David"]
[Result "1-0"]
[WhiteElo "1111"]
[BlackElo "1122"]
[PlyCount "61"]
[EventDate "2001.04.??"]
[EventType "swiss"]
[EventRounds "7"]
[EventCountry "GER"]
[SourceTitle "EXT 2003"]
[Source "ChessBase"]
[SourceDate "2002.11.25"]
[SourceVersion "1"]
[SourceVersionDate "2002.11.25"]
[SourceQuality "1"]

1. e4 e6 2. d4 d5 3. e5 c5 4. c3 Nc6 5. Nf3 Qb6 6. a3 Nh6 7. Bd3 Bd7 8. Bc2 cxd4 9. cxd4 f6 10. exf6 gxf6 11. 0-0 Nf7 12. b4 Bd6 13. Bb2 h6 14. Nc3 Ne7 15. Re1 Rg8 16. Ba4 Qc7 17. Rxe6 Kf8 18. Bxd7 Qxd7 19. Rxf6 Qh3 20. g3 Rd8 21. Ne5 Rg7 22. Nxf7 Rxf7 23. Rxf7+ Kxf7 24. Qf3+ Ke6 25. Re1+ Kd7 26. Nxd5 Nxd5 27. Qxd5 Kc8 28. Qe6+ Qxe6 29. Rxe6 Bf8 30. f4 Bg7 31. Re4 1-0

[Event "Niedersachsen-ch U14"]
[Site "Rotenburg"]
[Date "2001.04.??"]
[Round "3"]
[White "Raasch, Oliver"]
[Black "Meurer, Markus"]
[Result "1-0"]
[WhiteElo "1271"]
[BlackElo "1111"]
[PlyCount "82"]
[EventDate "2001.04.??"]
[EventType "swiss"]
[EventRounds "7"]
[EventCountry "GER"]
[SourceTitle "EXT 2003"]
[Source "ChessBase"]
[SourceDate "2002.11.25"]
[SourceVersion "1"]
[SourceVersionDate "2002.11.25"]
[SourceQuality "1"]

1. e4 c5 2. Nf3 Nc6 3. d4 cxd4 4. Nxd4 g6 5. Nc3 Bg7 6. Be3 Nf6 7. Be2 0-0 8. 0-0 d5 9. exd5 Nxd5 10. Nxd5 Qxd5 11. Bf3 Qc4 12. Nxc6 bxc6 13. Qd3 Qxd3 14. cxd3 Bd7 15. d4 e6 16. Rac1 Rfc8 17. Rc4 Rc7 18. Rfc1 Rac8 19. b3 Bf8 20. g3 Bd6 21. Bg2 e5 22. dxe5 Bxe5 23. Bc5 Be6 24. R4c2 Bd5 25. f4 Bg7 26. Bb4 Bd4+ 27. Kf1 Bb6 28. Bc5 Bxg2+ 29. Kxg2 f5 30. Bd6 Be3 31. Re1 Rd7 32. Rxe3 Rxd6 33. Re7 a6 34. Ra7 c5 35. Re2 h5 36. Kh3 Kf8 37. Ree7 c4 38. bxc4 Rxc4 39. Rh7 Kg8 40. Rhb7 Rc8 41. Kh4 Rf8 1-0

[Event "Niedersachsen-chT U12"]
[Site "Rotenburg"]
[Date "2000.06.18"]
[Round "4.2"]
[White "Venkata Ramani, Varun"]
[Black "Meurer, Markus"]
[Result "1-0"]
[WhiteElo "1050"]
[BlackElo "610"]
[PlyCount "75"]
[EventDate "2000.06.16"]
[EventType "team"]
[EventRounds "5"]
[EventCountry "GER"]
[SourceTitle "EXT 2003"]
[Source "ChessBase"]
[SourceDate "2002.11.25"]
[SourceVersion "1"]
[SourceVersionDate "2002.11.25"]
[SourceQuality "1"]

1. e4 e6 2. d4 d5 3. e5 c5 4. c3 Nc6 5. Nf3 Qb6 6. a3 cxd4 7. cxd4 Nge7 8. b4 Nf5 9. Bb2 Bd7 10. Qd3 a6 11. Nbd2 g6 12. g3 Bg7 13. Bh3 Nfe7 14. Qe3 Rc8 15. Rc1 0-0 16. 0-0 Na7 17. Nb3 Bb5 18. Rfd1 Ba4 19. Re1 Nac6 20. Nc5 Qb5 21. Bf1 Qb6 22. Nxa4 Qa7 23. Bd3 b5 24. Nc5 Rc7 25. h4 Rfc8 26. g4 a5 27. Qd2 axb4 28. axb4 Nd8 29. Bxb5 Rb8 30. Bd3 Qb6 31. Bc3 Ndc6 32. Na6 Rbb7 33. Nxc7 Rxc7 34. b5 Na7 35. Ba5 Qb7 36. Rxc7 Qb8 37. b6 Nac6 38. Rc1 1-0